000 00624nam a2200229Ia 4500
003 OSt
005 20220923230116.0
006 a|||||r|||| 00| 0
007 ta
008 Pun
024 _a277,398
037 _cTextual
040 _aARTS
_cARTS
_bPun
041 _2Pun
_aPun
082 _aO153,3N27,RD, K8
100 _aਜੌਹਰ, ਸੁਰਿੰਦਰ ਸਿੰਘ
245 0 _aਰਾਹ ਦੀ ਧੂੜ
260 _c1968
650 _aਪੰਜਾਬੀ ਸਾਹਿਤ
942 _hO153,3N27,RD, K8
_cTEXL
_2CC
999 _c382515
_d382515